[Event "Madrid San Viator op 23rd"]
[Site "Madrid"]
[Date "2014.11.02"]
[Round "6"]
[White "Borras Cerda, Carlos"]
[Black "Del Noval Nemeshazi, Mario"]
[Result "0-1"]
[WhiteElo "1384"]
[BlackElo "1309"]
[PlyCount "71"]
[EventDate "2014.09.28"]
[EventType "swiss"]
[EventRounds "9"]
[EventCountry "ESP"]
[SourceTitle "EXT 2016"]
[Source "ChessBase"]
[SourceDate "2015.10.08"]
[SourceVersion "1"]
[SourceVersionDate "2015.10.08"]
[SourceQuality "1"]

1. d4 Nf6 2. Nf3 g6 3. Bg5 Bg7 4. e3 d5 5. Bd3 0-0 6. Nbd2 c5 7. c3 cxd4 8. exd4 Nc6 9. Qc2 Re8 10. Bf4 Bd7 11. Be5 Nxe5 12. Nxe5 Ng4 13. Ndf3 f6 14. Nxd7 Qxd7 15. h3 Nh6 16. 0-0-0 e5 17. Qb3 e4 18. Bb5 Qd6 19. Bxe8 exf3 20. Ba4 fxg2 21. Rhg1 b6 22. Rxg2 Qf4+ 23. Kb1 Qe4+ 24. Ka1 Qxg2 25. Bc6 Rd8 26. Qc2 Qxh3 27. a4 Ng4 28. Rd2 Qf1+ 29. Ka2 Qc4+ 30. b3 Qxc6 31. f3 Ne3 32. Qd3 Nf5 33. Rh2 b5 34. a5 Qd6 35. Qe2 Qc7 36. b4 0-1